|
|
|
|
| LEADER |
00000nam a2200000 a 4500 |
| 001 |
vtls001282932 |
| 003 |
SK-MaSNL |
| 005 |
20260331203653.0 |
| 008 |
251124s1995 PL 0 pol |
| 020 |
|
|
|a 8370091520
|c [300,00]
|
| 035 |
|
|
|a SNK000234387
|
| 040 |
|
|
|a SNK
|b slo
|c SNK
|e AACR2
|
| 044 |
|
|
|a PL
|
| 080 |
|
|
|a 78.085.7(438)(083.81)
|2 1981
|
| 080 |
|
|
|a 018.1(438-25)
|2 1981
|
| 100 |
1 |
|
|a Wąsowska, Elżbieta
|4 zos
|9 577663
|
| 245 |
1 |
|
|a Mazurki kompozytorów polskich na fortepian. 1, 2, [3]
|h hudobnina
|b antologia ze zbiorów Biblioteki Narodowej
|c wybór, redakcja i opracowanie Elżbietą Wąsowska
|
| 260 |
|
|
|a Warszawa
|b Biblioteka Narodowa
|c 1995
|
| 300 |
|
|
|a 129, 129, 156 s.
|c 24 cm
|
| 610 |
2 |
7 |
|a Biblioteka Narodowa (Poľsko)
|2 SNKKA
|9 34772
|
| 650 |
0 |
7 |
|a mazúrky
|2 SNKPH
|9 174689
|
| 650 |
0 |
7 |
|a hudobní skladatelia
|2 SNKPH
|9 3188
|
| 651 |
|
7 |
|a Poľsko
|2 SNKPHgeo
|9 16755
|
| 655 |
|
7 |
|a HHU
|2 SNK
|9 283804
|
| 919 |
|
|
|a 83-7009-152-0
|
| 999 |
|
|
|c 886413
|d 888343
|
| 952 |
|
|
|t P60, <04>, [BOOK], {604}
|a SNK
|b SNK
|y VYP
|7 0
|p 17A0062917
|o snkHIB 13953
|i snkV 1032/97
|0 0
|1 0
|4 0
|d 1997-05-02
|l 0
|r 2005-01-02 00:00:00
|w 2026-02-24
|
| 952 |
|
|
|t P60, <91>, [BOOK], {604}
|a SNK
|b SNK
|y NEVYP
|7 0
|p 17A0072079
|o snkHIB 13953 D1
|i snkV 1774/97
|0 0
|1 0
|4 0
|d 1997-07-04
|l 0
|r 2005-01-02 00:00:00
|w 2026-02-24
|